Борбата на българския народ за защита и спасяване на евреите в България през Втората световна война (Запис номер 136687)
[ съкратено ]
| 000 -Лидер | |
|---|---|
| Контролно поле с фиксирана дължина | 01951nam a2200361 a 4500 |
| 003 - Код на организацията, давaща контролен номер | |
| Контролно поле | BLK |
| 005 - Дата и час на последна редакция | |
| Контролно поле | 20240212163013.0 |
| 008 - Елементи от данни с фиксирана дължина | |
| fixed length control field | 180409b bul|||||r ||||||| ||bul|| |
| 010 ## - Наследен системен номер | |
| LC control number | KNG00142633000 |
| 040 ## - Източник на каталожния запис | |
| Идентификатор на билиотеката - собственик на записа | BLK |
| 041 ## - Код за език | |
| Код за езика на текст/звукозапис или на отделно заглавие | Български |
| Код за езика КДБФ | Български |
| 080 ## - УДК | |
| Текстов определител УДК | България през Втората световна война (1939-1944) |
| УДК код - определител по УДК | 94(497.2)"1939/1944" |
| УДК - код + определител | 94(497.2)"1939/1944" |
| 139 ## - Редно поле | |
| Редна дума | Борбата на българския народ за защита и спасяване на евреите в България през Втората световна война |
| Авторски знак | Бор - Б 64 |
| 245 10 - Сведения за заглавието | |
| Заглавие | Борбата на българския народ за защита и спасяване на евреите в България през Втората световна война |
| Подзаглавни данни | Док. и материали |
| Редно поле (дума) | състав. Давид Коен и др. ; Ред. колегия Воин Божинов - отг. ред. и др |
| 257 ## - Страна на издаване | |
| Страна на създаване/издаване | България |
| 260 ## - Област на издателските данни | |
| Място на издаване, разпространение и проч. | София |
| Име на издателя, разпространителя и проч. | БАН |
| Година на издаване | 1978 |
| 300 ## - Физическа характеристика | |
| Страници | 351 с. |
| Размери/Мащаб | 25 см |
| 380 ## - Жанр | |
| Жанр | История |
| 500 ## - Общи забележки | |
| Забележка | Други състав. : Т. Добриянов, Р. Манафова ; Други ред. : Й. Астурков, Т. Добриянов, Д. Коен, Ст. Рачев, Р. Манафова. - Изд. на БАН. Инст. за история. - 3 000 тир. - Именен, геогр. показалци. |
| 650 #4 - Допълнително описание по предмет – тема | |
| Основно описание – тема или топоним | Евреи - България |
| 9 (RLIN) | 263359 |
| 653 ## - Ключова дума – ненормативна | |
| Ключова дума | евреи |
| 653 ## - Ключова дума – ненормативна | |
| Ключова дума | борба |
| 653 ## - Ключова дума – ненормативна | |
| Ключова дума | защита |
| 700 1# - Други автори (авторска отговорност) | |
| Лично име | Коен, Давид |
| Автороска отговорност (Описва отношението между автора и произведението) | състав. |
| 9 (RLIN) | 325476 |
| 700 1# - Други автори (авторска отговорност) | |
| Лично име | Божинов, Воин |
| Автороска отговорност (Описва отношението между автора и произведението) | ред. |
| 9 (RLIN) | 315994 |
| 852 ## - Местоположение | |
| Форматна сигнатура | Цб 96770 |
| Фондова буква | Хранилище |
| 856 4# - Електронен адрес и достъп | |
| Електронен формат | pdf - файл |
| Инструкция (цена за достъп) | 0.00 |
| Права за достъп | disable |
| 856 4# - Електронен адрес и достъп | |
| Електронен формат | pdf - файл |
| Инструкция (цена за достъп) | 0.00 |
| Права за достъп | disable |
| 999 ## - СИСТЕМНИ КОНТРОЛНИ НОМЕРА | |
| Koha biblionumber | 136687 |
| Koha biblioitemnumber | 136687 |
| 942 ## - АРТИКУЛИ | |
| Вид на библиотечния материал | Книги |
| Скрит в OPAC | Не |
| Koha issues (borrowed), all copies | 2 |
| Периодичен библиозапис | Да |
| 944 ## - СЪЗДАВАНЕ И РЕДАКЦИЯ на ЗАПИСА | |
| Създаване/Редакция | Създаване |
| Дата на регистрацията/редакция | 10.05.2013 |
| Статус, дата на статуса | Мартин Енчев |
| Служител, извършил регистрацията/редакцията | 30575 |
| 944 ## - СЪЗДАВАНЕ И РЕДАКЦИЯ на ЗАПИСА | |
| Създаване/Редакция | Редакция |
| Дата на регистрацията/редакция | 10.05.2013 |
| Статус, дата на статуса | 10.05.2013 - от С1,Р / 10.05.2013 |
| 999 ## - СИСТЕМНИ КОНТРОЛНИ НОМЕРА | |
| Koha biblioitemnumber | 136687 |
| Код за отписване | Код за изгубен артикул | Източник на класификационната схема | Код за повреда | Коз за рестрикции | Код за отдаване | Артикулен № | Име на библиотеката - собственик | Име на библиотеката, в която се намира в момента | Статус (Текущо местоположение) | Дата на вписване в системата | Местоположение - отдел | Цена в лева | Инвентарен номер | Систематично азбучна сигнатура | Баркод | Номер на екземпляра | Цена в евро | Служебна бележка | Служебен тип на артикула |
|---|---|---|---|---|---|---|---|---|---|---|---|---|---|---|---|---|---|---|---|
| Не е изгубен | Universal Decimal Classification | Не е повреден | само за читалня | ползва се в читалня | 223447 | Регионална библиотека "Любен Каравелов" Русе | Регионална библиотека "Любен Каравелов" Русе | Хранилище | 1978-01-01 | Хранилище | 3.56 | 276511 | Цб 96770 | 120000276511 | 1 | 1.82 | N: стар фонд Дата: 01.01.1978 | Книги | |
| Не е изгубен | Universal Decimal Classification | Не е повреден | без рестрикции | заемане за дома | 223448 | Регионална библиотека "Любен Каравелов" Русе | Регионална библиотека "Любен Каравелов" Русе | Заемна - подръчен фонд | 1978-01-01 | Заемна - подръчен фонд | 3.56 | 278541 | 94(497.2)"1939/1944"/Б 64 | 120000278541 | 2 | 1.82 | N: стар фонд Дата: 01.01.1978 Дата инв: 08.02.2018 Бележки инв: П2018 | Книги | |
| Изтеглен | Не е изгубен | Universal Decimal Classification | Не е повреден | без рестрикции | заемане за дома | 223449 | Регионална библиотека "Любен Каравелов" Русе | Регионална библиотека "Любен Каравелов" Русе | Заемна - подръчен фонд | 1978-01-01 | Заемна - подръчен фонд | 3.56 | 278542 | П 949.72.053.2/Б 64 | 278542 | 3 | 1.82 | N: стар фонд Дата: 01.01.1978 | Книги |